000 00625nam a22002177i 4500
001 IT\ICCU\LO1\0501009
003 ItRI
005 20260130111031.0
008 990819s1998 it |||||| ||||| |||||c
020 _a8886633041
040 _bita
_cct
041 7 _aita
_2ISO-639-2
082 _a853.914
_219
100 1 _aTripeleff, F.
_0IT\ICCU\CFIV\132759
_4aut
245 1 3 _aLe avventure di prigionia del giovane tenente Magnani /
_ca cura di Tripeleff.
250 _a Nuova ed
260 _aMilano :
_bil dito e la luna,
_c1998
300 _a54 p. ;
_c18 cm.
830 0 _aTra uomini
_0IT\ICCU\LO1\0501010
942 _2ddc
_cBK
999 _c6781
_d6781